9-Letter Countries on a Map Quiz Stats

 Plays Quiz Updated Feb 13, 2019

Challenge
Share
Tweet
Score 0/13 Timer 04:00
17 Plays Today
% Correct
Australia
99.7%
Argentina
94.9%
Venezuela
89.5%
Indonesia
86.7%
Lithuania
83.4%
Guatemala
74.7%
Costa Rica
72.2%
Singapore
72%
Nicaragua
69.5%
Palestine
68.7%
San Marino
68%
Mauritius
62.4%
Cabo Verde
62.2%

You're not logged in!

Compare scores with friends on all Sporcle quizzes.
OR
Log In

You Might Also Like...

Show Comments

Extras

Top Quizzes Today


Score Distribution

Your Account Isn't Verified!

In order to create a playlist on Sporcle, you need to verify the email address you used during registration. Go to your Sporcle Settings to finish the process.

Report this User

Report this user for behavior that violates our Community Guidelines.

Details: